000 00507nam a2200169Ia 4500
003 GCL
008 140319s9999 xx 000 0 ara d
040 _aGCL /
_cGCL
082 0 4 _a928.1
_bع م
100 1 _aعبدالمتعال الصعيدى
245 1 0 _aمدرسة ابى تمام بين قدامى المولدين والمتأخرين /
_cعبدالمتعال الصعيدى
300 _a127 ص
490 _a
650 0 4 _aالشعر العربى
650 0 4 _aابوتمام
942 _2ddc
_cBK
999 _c38181
_d38181